LEADER 02823nas 2200913-a 450 001 996202957803316 005 20230707213041.0 011 $a1873-6513 035 $a(DE-599)ZDB1500639-6 035 $a(OCoLC)39183744 035 $a(CKB)954925551354 035 $a(CONSER)--2007233102 035 $a(EXLCZ)99954925551354 100 $a19980527a19869999 s-- - 101 0 $aeng 135 $aurmnu|||||||| 181 $ctxt$2rdacontent 182 $cc$2rdamedia 183 $acr$2rdacarrier 200 10$aJournal of pain and symptom management 210 $a[Madison, WI] $c[Dept. of Anesthesiology, University of Wisconsin--Madison] 300 $aRefereed/Peer-reviewed 300 $aPublished by: New York, NY : Elsevier Science Publishing, <1991-> 311 $a0885-3924 531 $aJ PAIN SYMPTOM MANAGE 531 $aJ PAIN SYMPTOM MANAG 531 $aJ PAIN SYMP 531 $aJOURNAL OF PAIN & SYMPTOM MANAGEMENT 531 $aJ. PAIN SYMPTOM MANAGE 606 $aPain$vPeriodicals 606 $aPalliative treatment$vPeriodicals 606 $aPain 606 $aPalliative treatment 606 $aPain$xPeriodicals 606 $aPalliative treatment$xPeriodicals 606 $aPain 606 $aPalliative Care 606 $aDouleur$xPériodiques 606 $aSoins palliatifs$xPériodiques 606 $aDouleur$vPériodiques 606 $aSoins palliatifs$vPériodiques 606 $aDouleur 606 $aSoins palliatifs 606 $aPain$2fast$3(OCoLC)fst01050382 606 $aPalliative treatment$2fast$3(OCoLC)fst01051719 606 $aPijn$2gtt 606 $aAnalgesie$2gtt 608 $aPeriodical 608 $aperiodicals.$2aat 608 $aPeriodicals.$2fast 608 $aPeriodicals.$2lcgft 608 $aPériodiques.$2rvmgf 615 0$aPain 615 0$aPalliative treatment 615 0$aPain. 615 0$aPalliative treatment. 615 0$aPain$xPeriodicals. 615 0$aPalliative treatment$xPeriodicals. 615 2$aPain 615 2$aPalliative Care 615 6$aDouleur$xPériodiques. 615 6$aSoins palliatifs$xPériodiques. 615 6$aDouleur 615 6$aSoins palliatifs 615 6$aDouleur. 615 6$aSoins palliatifs. 615 7$aPain. 615 7$aPalliative treatment. 615 17$aPijn. 615 17$aAnalgesie. 676 $a615 712 02$aUniversity of Wisconsin--Madison.$bDepartment of Anesthesiology. 712 02$aUnited States Cancer Pain Relief Committee. 712 02$aNational Hospice and Palliative Care Organization (U.S.) 712 02$aAmerican Academy of Hospice and Palliative Medicine. 906 $aJOURNAL 912 $a996202957803316 996 $aJournal of pain and symptom management$91897931 997 $aUNISA